Giáo trình luật La Mã
Đã lưu trong:
| 主要作者: | |
|---|---|
| 格式: | 图书 |
| 语言: | Undetermined |
| 出版: |
Hà Nội
Công An Nhân Dân
2003
|
| 主题: | |
| 标签: |
添加标签
没有标签, 成为第一个标记此记录!
|
| Thư viện lưu trữ: | Trung tâm Học liệu Trường Đại học Cần Thơ |
|---|
| LEADER | 00518nam a2200193Ia 4500 | ||
|---|---|---|---|
| 001 | CTU_64137 | ||
| 008 | 210402s9999 xx 000 0 und d | ||
| 020 | |b 19000 | ||
| 082 | |a 340.54 | ||
| 082 | |b T502 | ||
| 100 | |a Nguyễn, Minh Tuấn | ||
| 245 | 0 | |a Giáo trình luật La Mã | |
| 245 | 0 | |c Nguyễn Minh Tuấn | |
| 260 | |a Hà Nội | ||
| 260 | |b Công An Nhân Dân | ||
| 260 | |c 2003 | ||
| 650 | |a Roman law | ||
| 910 | |a Năm | ||
| 980 | |a Trung tâm Học liệu Trường Đại học Cần Thơ | ||